| 000 | 00671nam a22001937a 4500 | ||
|---|---|---|---|
| 005 | 20260612161526.0 | ||
| 010 | _aENG-148827 | ||
| 020 |
_c400.00 _a9789391399825 |
||
| 035 | _aEN-132359 | ||
| 037 | _bDBAD | ||
| 082 |
_a126 _21 |
||
| 100 |
_aKulandaisamy L _989375 |
||
| 245 |
_aThe Gospels An Epiphany: _bOf Free Self and Social Prituality/ _cL Kulandaisamy |
||
| 250 | _a1 | ||
| 260 |
_bATC Publishers _aBengaluru _c2023 |
||
| 270 |
_aSt's Mary Block, Archdiocesan,Pastoral Center,#5, Nandidurga Road,Benson Town _bBengaluru _e560046 _k+918025491999 _k7090100444 _minfo@atcpublishers.com |
||
| 300 |
_a400p. _c21cm(pb) |
||
| 942 |
_2ddc _cEN _h126 _mKUL |
||
| 999 |
_c216632 _d216632 |
||